Applied multivariate statistical concepts / (Record no. 53404)

MARC details
000 -LEADER
fixed length control field 00567nam a2200193Ia 4500
005 - DATE AND TIME OF LATEST TRANSACTION
control field 20260429112315.0
008 - FIXED-LENGTH DATA ELEMENTS--GENERAL INFORMATION
fixed length control field 260429s9999||||xx |||||||||||||| ||und||
020 ## - INTERNATIONAL STANDARD BOOK NUMBER
International Standard Book Number 9780367240158
041 ## - LANGUAGE CODE
Language English
082 ## - DEWEY DECIMAL CLASSIFICATION NUMBER
Classification number 519.535
Item number HAH
100 ## - MAIN ENTRY--PERSONAL NAME
Personal name Hahs- Vaughn, Debbie L.
245 #0 - TITLE STATEMENT
Title Applied multivariate statistical concepts /
Statement of responsibility, etc Debbie L. Hahs- Vaughn
260 ## - PUBLICATION, DISTRIBUTION, ETC. (IMPRINT)
Place of publication, distribution, etc New York :
Name of publisher, distributor, etc Routlege/ T&F India ,
Date of publication, distribution, etc 2025.
300 ## - PHYSICAL DESCRIPTION
Extent xiii, 647 p.; pbk
650 ## - SUBJECT ADDED ENTRY--TOPICAL TERM
Topical term or geographic name as entry element Applied statistics
650 ## - SUBJECT ADDED ENTRY--TOPICAL TERM
Topical term or geographic name as entry element Statistical methods
650 ## - SUBJECT ADDED ENTRY--TOPICAL TERM
Topical term or geographic name as entry element Multivariate analysis
942 ## - ADDED ENTRY ELEMENTS (KOHA)
Koha item type Text Books
Holdings
Withdrawn status Lost status Damaged status Not for loan Collection code Home library Location Shelving location Date of Cataloging Source of acquisition Total Checkouts Full call number Barcode Date last seen Price effective from Koha item type
        Non-fiction CUTN Central Library CUTN Central Library Sciences 29/04/2026 Today and Tomorrow’s Printers & Publishers, New Delhi - Invoice No. IN-00470 on 10-02-2026   519.535 HAH 58597 29/04/2026 29/04/2026 Text Books
        Non-fiction CUTN Central Library CUTN Central Library Sciences 29/04/2026 Today and Tomorrow’s Printers & Publishers, New Delhi - Invoice No. IN-00470 on 10-02-2026   519.535 HAH 58598 29/04/2026 29/04/2026 Text Books
        Non-fiction CUTN Central Library CUTN Central Library Sciences 29/04/2026 Today and Tomorrow’s Printers & Publishers, New Delhi - Invoice No. IN-00470 on 10-02-2026   519.535 HAH 58599 29/04/2026 29/04/2026 Text Books
        Non-fiction CUTN Central Library CUTN Central Library Sciences 29/04/2026 Today and Tomorrow’s Printers & Publishers, New Delhi - Invoice No. IN-00470 on 10-02-2026   519.535 HAH 58600 29/04/2026 29/04/2026 Text Books